000 00871nam a2200229Ii 4500
003 JO-AjNU
008 230605s9999||||xx |||||||||||||| ||und||
017 _a2022/3/1135
020 _a978-9923-37-124-4
040 _aJO-AjNU
_bara
_erda
_cJO-AjNU
041 _aara
050 1 4 _aQ335 2023
100 3 _aمحمود،فخري محمود,
_eauthor
_963971
245 0 0 _aالذكاء الاصطناعي واعادة هندسة الجامعات الفرص-التحديات-المتطلبات
250 _aط1
264 3 1 _aعمان:دار دجلةناشرون وموزعون،2023
300 _a200ص
336 _atext
_btxt
_2rdacontent
337 _aunmediated
_bn
_2rdamedia
338 _avolume
_bnc
_2rdacarrier
650 4 _aاساسيات التدريس-الذكاء الاصطناعي-التطوير التربوي-التعليم العالي-مصر
_963972
999 _aA29044
_c32612
_d32612